000 01497nam a2200397 a 4500
001 ebr5004101
003 CaPaEBR
006 m u
007 cr cn|||||||||
008 010723s2000 enkac sb 001 0 eng
010 _z 00032842
015 _aGBA1-42389
016 7 _a0415232015
_2Uk
020 _z0415232015(cased)
020 _z0415232023(pbk.)
040 _aCaPaEBR
_cCaPaEBR
035 _a(OCoLC)49569927
050 1 4 _aHQ1185
_b.F45 2000eb
082 0 4 _a305.42
_221
245 0 0 _aFeminism and autobiography
_h[electronic resource] :
_btexts, theories, methods /
_cedited by Tess Cosslett, Celia Lury, and Penny Summerfield.
260 _aLondon :
_bRoutledge,
_c2000.
300 _axvi, 265 p. :
_bill., ports.
490 1 _aTransformations : thinking through feminism
504 _aIncludes bibliographical references and index.
533 _aElectronic reproduction.
_bPalo Alto, Calif. :
_cebrary,
_d2013.
_nAvailable via World Wide Web.
_nAccess may be limited to ebrary affiliated libraries.
650 0 _aWomen's studies
_xBiographical methods.
650 0 _aAutobiography
_xWomen authors.
650 0 _aFeminist criticism.
655 7 _aElectronic books.
_2local
700 1 _aCosslett, Tess.
700 1 _aLury, Celia.
700 1 _aSummerfield, Penny.
710 2 _aebrary, Inc.
830 0 _aTransformations.
856 4 0 _uhttp://site.ebrary.com/lib/rucke/Doc?id=5004101
_zAn electronic book accessible through the World Wide Web; click to view
999 _c15717
_d15717